ბათუმის შოთა რუსთაველის სახელმწიფო უნივერსიტეტის ბიბლიოთეკა

Генетика картофеля (ბიბ.ჩანაწერი № 45818)

000 -LEADER
fixed length control field 00534nam a2200193Ia 4500
001 - CONTROL NUMBER
control field 12647
003 - CONTROL NUMBER IDENTIFIER
control field GE_BSU
008 - FIXED-LENGTH DATA ELEMENTS--GENERAL INFORMATION
fixed length control field 181216s||||||||xx |||||||||||||| ||und||
040 ## - CATALOGING SOURCE
Transcribing agency GE_BSU
080 ## - UNIVERSAL DECIMAL CLASSIFICATION NUMBER
Universal Decimal Classification number 575.1:635.21
245 ## - TITLE STATEMENT
Title Генетика картофеля
245 ## - TITLE STATEMENT
Statement of responsibility, etc. Отв.ред.В.В.Хвостова. И.М.Яшина. Ред.В.А.Аветисов
260 ## - PUBLICATION, DISTRIBUTION, ETC.
Place of publication, distribution, etc. Москва
260 ## - PUBLICATION, DISTRIBUTION, ETC.
Name of publisher, distributor, etc. Наука
260 ## - PUBLICATION, DISTRIBUTION, ETC.
Date of publication, distribution, etc. 1973
300 ## - PHYSICAL DESCRIPTION
Extent 262стр.22см.
653 ## - INDEX TERM--UNCONTROLLED
Uncontrolled term Генетика картофеля
942 ## - ADDED ENTRY ELEMENTS (KOHA)
Koha item type წიგნი
ეგზემპლარები
Withdrawn status Lost status Damaged status Not for loan Date acquired Barcode Date last seen Price effective from Koha item type
        2018-12-17 20545 2018-12-17 2018-12-17 წიგნი